Chief Ministers of Andhra Pradesh - Statistics

General Stats
  • This quiz has been taken 27 times
    12 since last reset
  • The average score is 15 of 26
Answer Stats
Party Start Date End Date CM % Correct
TDP 1 September 1995 13 May 2004 N. Chandrababu Naidu
100%
TDP 8 June 2014 29 May 2019 N. Chandrababu Naidu
100%
TDP 9 June 2024 Incumbent N. Chandrababu Naidu
100%
TDP 9 January 1983 16 August 1984 N. T. Rama Rao
92%
TDP 16 September 1984 2 December 1989 N. T. Rama Rao
92%
TDP 12 December 1994 1 September 1995 N. T. Rama Rao
92%
YSRCP 30 May 2019 8 June 2024 Y. S. Jaganmohan Reddy
92%
INC 14 May 2004 2 September 2009 Y. S. Rajasekhara Reddy
75%
INC 20 September 1982 9 January 1983 Kotla Vijaya Bhaskara Reddy
50%
INC 9 October 1992 12 December 1994 Kotla Vijaya Bhaskara Reddy
50%
INC 6 March 1978 11 October 1980 Marri Chenna Reddy
50%
INC 3 December 1989 17 December 1990 Marri Chenna Reddy
50%
INC 1 November 1956 11 January 1960 Neelam Sanjiva Reddy
50%
INC 12 March 1962 20 February 1964 Neelam Sanjiva Reddy
50%
INC 25 November 2010 1 March 2014 N. Kiran Kumar Reddy
50%
INC 1 October 1953 15 November 1954 T. Prakasam
50%
INC 28 March 1955 1 November 1956 B. Gopala Reddy
42%
INC 24 February 1982 20 September 1982 Bhavanam Venkatarami Reddy
42%
INC 21 February 1964 30 September 1971 Kasu Brahmananda Reddy
42%
INC 17 December 1990 9 October 1992 N. Janardhana Reddy
42%
TDP 16 August 1984 16 September 1984 Nadendla Bhaskara Rao
33%
INC 30 September 1971 10 January 1973 P. V. Narasimha Rao
33%
INC 10 December 1973 6 March 1978 Jalagam Vengala Rao
25%
INC 11 January 1960 12 March 1962 Damodaram Sanjivayya
17%
INC 3 September 2009 24 November 2010 K. Rosaiah
17%
INC 11 October 1980 24 February 1982 Tanguturi Anjaiah
17%
No matching quizzes found
Score Distribution
Percent of People with Each Score
Percentile by Number Answered
Your Score History
You have not taken this quiz since the last reset